{"text_format":"3","workbook":"xls","n_sheets":3,"sheets":["Sheet1","Sheet2","Sheet3"],"read":"whole","date_system":"1900","formulas":"cached_only"}

{"sheet":"Sheet1","index":0,"n_rows":26,"n_cols":11,"rows_kept":26,"merged":[[0,0,0,10],[1,0,1,10],[6,0,7,0],[6,1,7,1],[6,2,7,2],[6,8,7,8],[6,9,7,9],[6,10,7,10],[8,0,11,0],[8,1,11,1],[8,8,11,8],[8,9,11,9],[8,10,11,10],[14,0,25,0],[14,1,25,1],[14,2,16,2],[14,8,25,8],[14,9,25,9],[14,10,25,10],[17,2,19,2]],"flags":["formulas_cached_only"]}
["中能采购合同明细"]
["部门：采购部                                  填表日期：2018年9月17日                       填表人：沙迪"]
["类别","合同编号","物料","规格","数量","单位","单价","总价","客户联系方式","供应商","经办人"]
["连云港",180924,"燃气蒸汽锅炉","WNS-1.25-YQ",1,"台",310000,310000,13523106979,"河南省太锅锅炉制造有限公司","曹永春"]
["大力神",180925,"控制阀","ZB10320B.6",2,"件",3400,6800,"0772-3116654","柳州欧维姆机械股份有限公司","刘江山"]
["大力神",180926,"PC钢棒",10.7,70,"吨",5280,369600,"025-58719271","连云港东康金属制品有限公司","孙莉"]
["大力神",180927,"线材195","闽源6.5",34,"吨",4600,156400,18732696111,"廊坊市强一商贸有限公司","孙莉"]
[{"$nulls":3},"福伦6.5",34,"吨",4570,155380]
["中大杆塔",180928,"电极",null,30,"个",59,1770,18751380010,"南通锐锋机电设备有限公司","刘江山"]
[null,null,"喷嘴",null,30,"个",58,1740]
[null,null,"保护帽",null,30,"个",42,1260]
[null,null,"固定帽",null,30,"个",520,15600]
["大力神",180929,"PC钢棒",10.7,70,"吨",5280,369600,"025-58719271","连云港东康金属制品有限公司","孙莉"]
["大力神",180930,"无缝管","32*4*240000",0.71,"吨",6100,4331,"0538-8109339","泰安市晟永鑫物资有限公司","周彬"]
["中大杆塔",180931,"中板Q345B","16*2500*12000",3.768,"吨",5060,19066.079999999998,"0538-8109339","泰安市晟永鑫物资有限公司","周彬"]
[{"$nulls":3},"22*2200*8500",3.229,"吨",4810,15531.49]
[{"$nulls":3},"18*2000*8500",7.206,"吨",4810,34660.86]
[null,null,"普元Q235B","20*9000",0.4,"吨",4450,1780]
[{"$nulls":3},"36*9000",0.144,"吨",4500,648]
[{"$nulls":3},"65*6000",5.304,"吨",4750,25194]
[null,null,"扁铁Q235B","50*5*6000",3.6,"吨",4550,16380]
[null,null,"角钢Q235B","40*4*6000",7.01,"吨",4620,32386.2]
[null,null,"焊管Q235B","33.5*3.25*6000",0.073,"吨",4780,348.94]
[null,null,"槽钢Q345B","16*6000",0.207,"吨",5120,1059.84]
[null,null,"角钢Q345B","70*8*6000",0.502,"吨",4970,2494.94]
[null,null,"开平板Q345B","11.75*2000*6550",2.468,"吨",4800,11846.4]

{"sheet":"Sheet2","index":1,"n_rows":0,"n_cols":0,"rows_kept":0,"flags":["formulas_cached_only"]}

{"sheet":"Sheet3","index":2,"n_rows":0,"n_cols":0,"rows_kept":0,"flags":["formulas_cached_only"]}